000 00664nam a2200265Ia 4500
005 20260121165455.0
008 008 260114s9999 xx 000 0 eng d
020 _a9783319387857
037 _aEBOOK
040 _aCRL
040 _beng
040 _cCRL
041 _2eng
041 _aeng
084 _qCRL
100 _aDavide Orsi
_91052156
245 0 _aMichael Oakeshott's Political Philosophy of International Relations
260 _bSpringer
260 _bSpringer
260 _c2016
856 _uhttps://link.springer.com/openurl?genre=book&isbn=978-3-319-38785-7
942 _cEBOOK
999 _c1617881
_d1617881